000 00389cam a22001457a 4500
008 180718b1995 xxu||||| |||| 00| 0 eng d
082 _aI51 K26 (N)
100 _aKehoe, Kevin R.
245 _aExpanding leadership impact
_cby Kevin R. Kehoe
260 _aLondon
_bKogan Page
_c1995
300 _a98p.
440 _aManagement skills series
650 _aManagement
650 _aLeadership
999 _c379180
_d379180